000 00593nam a2200193Ia 4500
001 22402
003 GE_BSU
008 181216s||||||||xx |||||||||||||| ||und||
040 _cGE_BSU
245 _aАграрная наука №3. 2018
245 _bНаучно-теоретический и производственный журнал
245 _cГл. ред. Б.В. Виолин
260 _aМосква
260 _c2018
300 _a76 стр. 30см. илл.
653 _aАграрная наука №31. 2018
653 _aპერიოდიკა
942 _cCR
999 _c55324
_d55324